000
00328nam a22001457a 4500
003
SGT
020
_a
9781107644403
082
_a
426.59,ESO
100
_a
ESOL,CAMBRIDGE
245
_a
CAMBRIDGE ENGLISH IELTS9
260
_a
NEW DELHI
_b
CAMBRIDGE UNIVERSITY
_c
2013
300
_a
176
650
_a
ENGLISH
942
_2
ddc
_c
BK
_0
9
999
_c
18357
_d
18357